00360nam a2200145Ia 4500003000400000005001700004008004100021020001900062040002900081100001800110245004200128260002300170260000900193546001200202OSt20240727120053.0170619s9999 xx 000 0 und d a978-8175156050 ciimt engineering college aShankar- Ravi 0aIndustrial engineering and management bNew Delhi Galgotia c2007 aENGLISH